000
00308nam a22001337a 4500
008
170619b xxu||||| |||| 00| 0 eng d
020
_a
9781588260789
041
_a
eng
080
_a
34
100
_a
15
101
_a
SHJ
245
_a
SANCTIONS AND THE SEARCH FOR SECURITY
_c
CORTRIGHT,D
942
_2
udc
_c
BK
999
_c
17999
_d
17999